00865nam a22002657a 45000010005000000030006000050050017000110080041000280200018000690400030000870500014001170820010001311000020001412450045001612500030002062600039002363000044002754900036003195050008003555200135003635210029004985210020005276500023005477000029005704825FISKH20241016161402.0241016b cb ||||| |||| 00| 0 eng d a9780439795692 aFISKH bengcFISKHdFISKH aPZ7.L3274 a813.6 aLasky, Kathryn  aThe Coming of Hoole /cby Kathryn Lasky  aFirst printing, July 2006 aNew York ; bScholastic ; c2006 . a210 pages : billustrations ;c20 cm .  aGuardians of Ga'hoolevBook 10  aS  aSoren and Coryn read the ancient legends of Ga'Hoole in order to find a way to prevent the victory of evil in their present world.8 a800 bLexile estimate 8 aS bRaz-Plus  aanimals vfiction  aScott, Steve eDesigner